000 00812nmm a2200265 a 4500
001 ocm0001411513
003 TR-IsHL
005 20201028163722.0
008 160220s2011 tu tur
007 cr cn
020 _a9786055563103
035 _a1411513
_b(N$T)
050 0 4 _aD16
_b.S24 2011
090 0 4 _aD16
_b.S24 2011
100 1 _aŞahin, Mustafa
245 1 0 _aUnutulan unutulmaz kahramanlar
_h[electronic resource] /
_cMustafa Şahin
260 _aİstanbul :
_bÇınaraltı,
_c2011
300 _a161 p.
650 4 _aTarih
650 4 _aHistory
650 0 _aTürkiye
_x Tarih
_x Anektodlar
650 0 _aTurkey
_x History
_x Anecdotes
650 7 _aHISTORY / General
_2bisacsh
856 4 0 _uhttp://search.ebscohost.com/login.aspx?direct=true&scope=site&db=e011xww&AN=1411513
999 _c15423
_d15423